| 000 -ლიდერი |
| ფიქსირებული სიგრძის საკონტროლო ველი |
01497nam a22002177a 4500 |
| 003 - საკონტროლო ნომრის იდენტიფიკატორი |
| საკონტროლო ველი |
Ge_BSU |
| 005 - ბოლო ოპერაციის თარიღი და დრო |
| საკონტროლო ველი |
20220701101245.0 |
| 008 - ფიქსირებული სიგრძის მონაცემთა ელემენტები - ზოგადი ინფორმაცია |
| ფიქსირებული სიგრძის საკონტროლო ველი |
220701s2015 ge ||||| |||| 00| 0 geo d |
| 020 ## - წიგნის საერთაშორისო სტანდარტული ნომერი |
| International Standard Book Number |
9789941941160 |
| 041 ## - ენის კოდი |
| Language code of text/sound track or separate title |
geo |
| 080 ## - უნივერსალური ათობითი კლასიფიკაციის ინდექსი |
| Universal Decimal Classification number |
821.353.1-82 ფ-55 |
| 245 ## - ცნობა სათაურის შესახებ |
| Title |
ფილოლოგიური მაცნე : |
| Remainder of title |
ტ.2 / |
| Statement of responsibility, etc |
ბათუმის შოთა რუსთაველის სახელმწიფო უნივერსიტეტი ; ქართული ფილოლოგიის დეპარტამენტი; მთავარი რედაქტორი რამაზ ხალვაში; ტომის რედაქტორი ნანა ცეცხლაძე. |
| 264 ## - წარმოების, გამოცემის, დისტრიბუციის და სხვა ცნობები |
| გამოცემის, წარმოების, დისტრიბუციის... ადგილი |
თბილისი : |
| გამოცემის, წარმოების, დისტრიბუციის... სახელწოდება |
ივერიონი, |
| გამოცემის, წარმოების, დისტრიბუციის... თარიღი |
2015. |
| 300 ## - ფიზიკური აღწერა |
| Extent |
248 გვ. |
| Other physical details |
20 სმ. |
| 520 ## - SUMMARY, ETC. |
| Summary, etc |
რეზიუმე ინგლ. ენაზე თემების ბოლოს |
| 653 ## - INDEX TERM--UNCONTROLLED |
| Uncontrolled term |
ქართული ფილოლოგია |
| 700 ## - ADDED ENTRY--PERSONAL NAME |
| Personal name |
ხალვაში, რამაზ |
| Relator term |
მთავარი რედაქტორი. |
| 9 (RLIN) |
2151 |
| 700 ## - ADDED ENTRY--PERSONAL NAME |
| Personal name |
ცეცხლაძე, ნანა |
| Relator term |
ტომის რედაქტორი |
| 9 (RLIN) |
4739 |
| 710 ## - ADDED ENTRY--CORPORATE NAME |
| Corporate name or jurisdiction name as entry element |
ბათუმის შოთა რუსთაველის სახელმწიფო უნივერსიტეტი |
| Subordinate unit |
ქართული ფილოლოგიის დეპარტამენტი |
| 9 (RLIN) |
4743 |
| 942 ## - ADDED ENTRY ELEMENTS (KOHA) |
| Source of classification or shelving scheme |
|
| Koha item type |
წიგნი |